Stati dell'America del Nord da Nord a Sud - Statistics

Statistiche generali
  • Questo quiz è stato fatto 25 volte
  • Il punteggio medio è 12 su 23
Statistiche sulle risposte
Latitudine punto nazionale più a Nord Stato % Corretto
83°06′N Canada
100%
32°43′N Messico
100%
71°23′N Stati Uniti
100%
27°16′N Bahamas
59%
23°16′N Cuba
59%
20°04′N Haiti
59%
18°31′N Giamaica
55%
19°55′N Repubblica Dominicana
55%
18°27′N Belize
50%
17°49′N Guatemala
50%
09°38′N Panama
45%
17°44′N Antigua e Barbuda
41%
11°13′N Costa Rica
41%
17°24′N Honduras
41%
17°26′N Saint Kitts e Nevis
41%
14°26′N El Salvador
36%
15°01′N Nicaragua
36%
11°21′N Trinidad e Tobago
36%
13°20′N Barbados
32%
15°38′N Dominica
32%
12°31′N Grenada
32%
14°07′N Saint Lucia
32%
13°22′N Saint Vincent e Grenadine
27%
Nessun quiz corrispondente trovato
Distribuzione punteggi
Percentuale di utenti per punteggio
Percentile per numero di risposta
I tuoi punteggi nel tempo
Non hai fatto questo quiz